| 000 | 00534nam a2200193Ia 4500 | ||
|---|---|---|---|
| 999 |
_c15104 _d15104 |
||
| 003 | OSt | ||
| 005 | 20201116160222.0 | ||
| 008 | 190216s9999||||xx |||||||||||||| ||und|| | ||
| 020 | _a9788129707338 | ||
| 040 | _coclc | ||
| 082 |
_a423.1 _bTUR/L |
||
| 100 |
_aTurton, N D _96615 |
||
| 245 | 0 |
_aLongman Dictionary Of Common Errors / _cN D Turton ; J BHeaton |
|
| 250 | _a1st Ed. | ||
| 260 |
_bLongmans, _c2004. _aDelhi; |
||
| 300 | _a375p | ||
| 650 | _aEnglish | ||
| 942 |
_cBK _2ddc _h423.1 _iTUR/L _k423.1 _mTUR/L |
||